000 00256nam a22001217a 4500
008 170919b xxu||||| |||| 00| 0 eng d
041 _aeng
080 _a7
100 _a44
101 _aART
245 _aNOFRET-DIE SCHONE
_cMUBARAK,M.H
942 _2udc
_cBK
999 _c28313
_d28313